00480 a2200181 4500260000900000260001400009245012700023300001000150260001000160260000900170300000900179130000700188100002000195700003000215700002300245651001200268020001800280 bACCT bEconomica aLes politiques de l'eau en Afrique : développement agricole et participation paysanne : actes du colloque de la Sorbonne a767p. aParis c1985 bill. lFr aCONAC, Gérard1 aSAVONNET-GUYOT, Claudette1 aCONAC, Françoise aAfrique a2-7178-1006-4